00760 a2200217 4500003000500000005001700005010001300022040000900035082001500044100003000059245010200089250001100191260004100202300002400243505005800267600003000325650003200355942001200387999001900399952012400418Nust20230131113347.0 a61009534 cNust a940.53,MAR aMartelli, George,9108196 aAgent extraordinary :bthe story of Michel Hollard, D. S. O., Croix de Guerre /cGeorge Martelli, a1st ed aGarden City, N.Y.,bDoubleday,c1960 a258 pbillusc22 cm aFlight From Paris (Page-23), A Warm Scent (Page-153). aMartelli, George,9108196 aWorld War-II Heroes9108197 2ddccBK c187212d187212 00102ddc4070aMCSbMCScGENd2016-12-12o940.53,MARpMCS29040r2016-12-08w2016-12-12yBKzAlmirah No.60, Shelf No.2